El Sector educación ante la emergencia nacional /
Curso escolar 1979, organización técnico administrativa del sistema educacional en Nicaragua. Propone soluciones sobre los problemas escolares inmediatos causados por el proceso insurreccional en Nicaragua, que interrumpió a los 3 meses el año lectivo y sobre la posible reorganización del sistema en...
שמור ב:
| מחבר ראשי: | |
|---|---|
| מחבר תאגידי: | |
| מחברים אחרים: | |
| פורמט: | Texto |
| יצא לאור: |
San José:
s.e.
|
| נושאים: | |
| תגים: |
הוספת תג
אין תגיות, היה/י הראשונ/ה לתייג את הרשומה!
|
MARC
| LEADER | 00000 a a2200000 04500 | ||
|---|---|---|---|
| 001 | 20104 | ||
| 003 | |||
| 040 | |||
| 090 | |a 082700 | ||
| 100 | |a Tünnermann Bernheim, Carlos | ||
| 110 | |a Nicaragua. Gobierno de Reconstrucción Nacional | ||
| 245 | |a El Sector educación ante la emergencia nacional / |c Carlos Tünnermann Bernheim | ||
| 260 | |a San José: |b s.e. | ||
| 300 | |a 8 p. | ||
| 520 | |a Curso escolar 1979, organización técnico administrativa del sistema educacional en Nicaragua. Propone soluciones sobre los problemas escolares inmediatos causados por el proceso insurreccional en Nicaragua, que interrumpió a los 3 meses el año lectivo y sobre la posible reorganización del sistema en su totalidad, en tanto se proponga el cambio total de éste./ACM | ||
| 650 | |a NICARAGUA | ||
| 650 | |a ASPECTOS EDUCACIONALES | ||
| 650 | |a POLITICA EDUCACIONAL | ||
| 650 | |a PROYECTOS DE EDUCACION | ||
| 700 | |a Castilla Urbina, Miguel de | ||
| 999 | |c 11984 |d 11984 | ||
